000 00548nam a2200157 4500
999 _c7192
_d7192
008 170808b xxu||||| |||| 00| 0 eng d
022 _a16565541
082 _aDPer 641.05 F73 Dec 2012-Nov 2013 v. 9-10, n. 6-5
100 _941219
_aJuntereal, CJ.
245 _aArtisan cool/
_cCJ Juntereal.
260 _aMakati City, Philippines:
_bHinge Inquirer Publications, Inc.,
_c©2012-2013.
300 _av10 n3, page 65:
_billustrations;
_c28 cm.
500 _aFood and beverages: make a living with food.
650 0 _921767
_aFood
942 _2ddc
_cPER